Theatro critico universal, o discursos varios en todo genero de materias, para desengaño de errores comunes (Record no. 8615)

MARC details
000 -CABECERA
campo de control de longitud fija 01076nam a2200241 a 4500
001 - NÚMERO DE CONTROL
campo de control BRCA_8964
005 - FECHA Y HORA DE LA ÚLTIMA TRANSACCIÓN
campo de control 20190320210456.0
008 - DATOS DE LONGITUD FIJA--INFORMACIÓN GENERAL
campo de control de longitud fija 050717s1765----sp-#######---#000-0#spa-#
041 ## - CÓDIGO DE LENGUA
Código de lengua del texto/banda sonora o título independiente spa
044 ## - CÓDIGO DEL PAÍS DE LA ENTIDAD EDITORA/PRODUCTORA
Código MARC del país sp
084 ## - OTRO NÚMERO DE CLASIFICACIÓN
Número de clasificación BE119
-- .F45 1765
100 1# - ENTRADA PRINCIPAL--NOMBRE DE PERSONA
Nombre de persona Feijóo y Montenegro, Benito Geronimo
Fechas asociadas al nombre 1676 - 1764
9 (RLIN) 22266
245 10 - MENCIÓN DE TÍTULO
Título Theatro critico universal, o discursos varios en todo genero de materias, para desengaño de errores comunes
Mención de responsabilidad, etc. escrito por el M.I.S. D. Fr. Benito Geronimo Feyjoo y Montenegro...
260 ## - PUBLICACIÓN, DISTRIBUCIÓN, ETC.
Lugar de publicación, distribución, etc. Madrid
Nombre del editor, distribuidor, etc. en la Imprenta de D. Gabriel Ramirez
Fecha de publicación, distribución, etc. 1765
300 ## - DESCRIPCIÓN FÍSICA
Extensión 502 p. (t.5)
Dimensiones 20.7 x 15.5 cm
500 ## - NOTA GENERAL
Nota general Con las licencias necesarias
500 ## - NOTA GENERAL
Nota general En portada: Nueva impresión, en la qual van puestas las Adiciones del Suplemento en sus lugares
500 ## - NOTA GENERAL
Nota general En portada: A costa de la Compañía de Impresores, y Libreros del Reyno
500 ## - NOTA GENERAL
Nota general Estado físico: presenta encuadernación en pergamino con presencia del pez de plata, cantos decorados y carece de cintas
650 14 - PUNTO DE ACCESO ADICIONAL DE MATERIA--TÉRMINO DE MATERIA
Término de materia o nombre geográfico como elemento de entrada Drama español
9 (RLIN) 21674
902 ## - CATALOGADOR
Iniciales CFM
942 ## - ELEMENTOS DE PUNTO DE ACCESO ADICIONAL (KOHA)
Fuente del sistema de clasificación o colocación Library of Congress Classification
Tipo de ítem Koha Libros
Holdings
Estado de retiro Estado de pérdida Estado dañado No para préstamo Localización permanente Ubicación/localización actual Fecha de adquisición Total de préstamos Signatura topográfica completa Código de barras Fecha visto por última vez Precio válido a partir de Tipo de ítem Koha
El ejemplar forma parte de la colección y puede ser consultado según las políticas vigentes.       Biblioteca del Museo Franz Mayer (Rogerio Casas-Alatriste) Biblioteca del Museo Franz Mayer (Rogerio Casas-Alatriste) 05/07/2017   BE119 .F45 1765 9662 22/03/2019 22/03/2019 Libros